000 00666nam a22002172a 4500
001 19771
003 BD-RjUL
005 20211209000457.0
008 140225r19521925enk 001 0 eng d
035 _aOCLC ocm16584952 from D950426M
_a(BD-RjUL)19832
040 _aUKM
_cUKM
_dBD-RjUL
_beng
041 _aeng
082 _a821.914
_219
_bTRE 1952
245 1 2 _aA treasury of verse /
_cSelected by Madalen Edgar, Revised by Dorothy Margaret Stuart
260 _aLondon :
_bGeorge G. Harrap Co.,
_c1925 [Reprinted 1952]
300 _a350 p. ;
_c22 cm
500 _aIncludes index.
650 _aPoetry in English
_960748
942 _2ddc
_cBK
999 _c19771
_d19771